Cottage Six : (Record no. 148)

MARC details
000 -LEADER
fixed length control field 00563nam a2200181 a 4500
005 - DATE AND TIME OF LATEST TRANSACTION
control field 20260322212008.0
008 - FIXED-LENGTH DATA ELEMENTS--GENERAL INFORMATION
fixed length control field data
090 ## - LOCALLY ASSIGNED LC-TYPE CALL NUMBER (OCLC); LOCAL CALL NUMBER (RLIN)
Classification number (OCLC) (R) ; Classification number, CALL (RLIN) (NR) HV 9104 P767 1962
001 - CONTROL NUMBER
control field data
100 1# - MAIN ENTRY--PERSONAL NAME
Personal name Polsky, Howard W.
245 10 - TITLE STATEMENT
Title Cottage Six :
Remainder of title the social system of delinquent boys in residential treatment /
Statement of responsibility, etc. Howard W. Polsky & Russell Sage Foundation.
260 ## - PUBLICATION, DISTRIBUTION, ETC.
Place of publication, distribution, etc. New York
Name of publisher, distributor, etc. Russell Sage Foundation
Date of publication, distribution, etc. c1962
300 ## - PHYSICAL DESCRIPTION
Extent 193 p. ;
Dimensions ill.
650 02 - SUBJECT ADDED ENTRY--TOPICAL TERM
Topical term or geographic name entry element Adolescent Psychology
650 02 - SUBJECT ADDED ENTRY--TOPICAL TERM
Topical term or geographic name entry element Juvenile Delinquency
650 02 - SUBJECT ADDED ENTRY--TOPICAL TERM
Topical term or geographic name entry element Psychology, Social
710 2# - ADDED ENTRY--CORPORATE NAME
Corporate name or jurisdiction name as entry element Russell Sage Foundation
Holdings
Withdrawn status Lost status Damaged status Not for loan Home library Current library Shelving location Date acquired Total checkouts Full call number Barcode Date last seen Price effective from Koha item type
        Fairfield Fairfield General stacks 22/03/2026   GEN BC0010152 22/03/2026 22/03/2026 Books